| 000 | 01421cam a2200397 a 4500 | ||
|---|---|---|---|
| 003 | CHAP | ||
| 005 | 20220329142218.0 | ||
| 008 | 000221d1998 mx r 00110 spa d | ||
| 010 | _a79998 | ||
| 011 | _a80970 | ||
| 020 | _a9701502507 | ||
| 035 | _a91429 | ||
| 040 | _cCHAP | ||
| 082 | 0 | 4 |
_a628.53 _bL83 |
| 100 | 0 | 0 |
_aLudevid Anglada, Manuel. _968909 |
| 245 | 1 | 3 |
_aEl cambio global en el medio ambiente: _bintroducción a sus causas humanas _c/por Manuel Ludevid Anglada |
| 260 |
_aMéxico, D.F. : _bAlfaomega, _c1998. |
||
| 300 |
_a332 p. : _bgráfs. |
||
| 590 |
_aBATCH-UPD _b10 _c20130110 _lUCH01 _h0359 |
||
| 590 |
_aBATCH-UPD _b10 _c20130110 _lUCH01 _h2157 |
||
| 590 |
_aBATCH-UPD _b10 _c20130410 _lUCH01 _h0032 |
||
| 590 |
_aBATCH-UPD _b10 _c20130410 _lUCH01 _h1505 |
||
| 590 |
_aBATCH-UPD _b10 _c20130914 _lUCH01 _h0822 |
||
| 590 |
_aCONVERSION _b10 _c20130109 _lUCH01 _h1344 |
||
| 650 | 1 | 4 |
_aCambios climáticos. _917792 |
| 650 | 1 | 4 |
_aImpacto ambiental. _957465 |
| 650 | 1 | 4 |
_aLluvia ácida. _967347 |
| 650 | 1 | 4 |
_aMedio ambiente _xContaminación. _974069 |
| 650 | 1 | 4 |
_aOzono. _984492 |
| 790 | 0 | _aEfecto invernadero | |
| 901 | _aBK | ||
| 905 | _aGuadalupe Pinto C. | ||
| 942 | _cLIBRO | ||
| 949 |
_a628.53 L83 _bBC _cLIBRO _d33724000746772 _eLIBRO _gI. 199136 _h97100 _i91429 _si _t$151.00 |
||
| 949 |
_a628.53 L83 _bBC _cLIBRO _d33724000775227 _eLIBRO _fc.2 _gI. 203170 pasarlo a procesos tec. gracias _h97714 _i91429 _si _t$151.00 |
||
| 999 |
_c79998 _d79998 |
||